000 00256nam a2200097Ia 4500
005 20251222114409.0
008 251222s1900||||xx |||||||||||||| ||spa||
082 _aDVD0093/P87
245 0 _aPromovemos el desarrollo de la pequeña y micro empresa:
942 _cDVD
999 _c1953
_d1953